000 00216nam a22000857a 4500
008 160805b xxu||||| |||| 00| 0 eng d
100 _942
_aBatra S
245 _aPhysics-X
260 _aNew Delhi
_bHoly Faith Publication
_c2008
999 _c2693
_d2693